000 01548cam a22004334i 4500
003 PE-LiUPU
005 20250731173200.0
008 150623s r 000 0 d
020 _a950573171X
035 _a(Sirsi) a29725
040 _aPE-LiUPU
_bspa
_cPE-LiUPU
_erda
082 0 4 _a241.4
_bS79
_221
100 1 _aSteed, Ernest H. J.,
_eautor.
245 1 0 _aVientos de Cambio :
_b[Estrategia global en el frente dela temperancia /
_cErnest H. J. Steed ; traducido por Rolando A. Itin.
250 _aPrimera edición.
264 1 _aBuenos Aires :
_bAsociación Casa Editora Sudamericana,
_c1989.
300 _a87 páginas ;
_c19.5 centímetros.
336 _atext
_2rdacontent
337 _aunmediated
_2rdamedia
338 _avolume
_2rdacarrier
505 _a¿Reforma moral hoy? -- Señales confusas -- Mundo nuevo-mensaje nuevo --Una cuestión de hecho -- Una sorpresa bíblica -- ¿Por qué citar a Elena G. de White? -- Sembrar al viento -- Providencia y prevención.
526 _aSEG42
526 _aSEG41
526 _aSEG40
526 _aSEG39
526 _aP94
526 _aP87
526 _aP86
526 _aP85
526 _aP77
526 _aP76
526 _aP35
650 0 _aTemplanza
_93995
700 _aItin A., Rolando,
_etraductor.
_93996
942 _2ddc
_cBK
949 _a286.702 S79
_wDEWEY
_c1
_i31105
_lCCODEBUL1
_mBUL
_p00.00
_r0
_sY
_tBOOK
_u2015-06-24
_xBIBLIOTECA
_zUNKNOWN
_0COMPRA
_o.STAFF. Colección General
999 _c37107
_d37107
980 _81
_gALBERTO SANCHEZ Responsable de Automatización